000
00310nam a22001337a 4500
020
_a
0070010978
040
_c
NUST
082
_a
004.6
_b
SCH
100
_a
William L. Schweber
_9
126057
245
_a
Data communications
260
_a
USA:
_b
Glencoe,
_c
1995.
650
_2
Data communications
942
_2
ddc
_c
BK
999
_c
612086
_d
612086